000 00155nam a2200073Ia 4500
008 170620s9999 xx 000 0 und d
100 _aMANGAL
245 0 _aGANIT SHIKSHAN
260 _bAPOLO
999 _c27442
_d27442